Gaming Quiz

Random Gaming or Board Games Quiz
Score 0/16 Timer 01:30
0 Plays Today
Question Answer Wrong Answers
Bank Monopoly
96.2%
Cluedo
0.5%
Chess
0.2%
Scrabble
0.3%
Jail Monopoly
95.8%
Cluedo
1.1%
Chess
0.3%
Scrabble
0.1%
Murder Cluedo
95.7%
Monopoly
0.7%
Chess
0.5%
Scrabble
0.3%
Triple-word Scrabble
95.4%
Monopoly
0.6%
Cluedo
0.8%
Chess
0.3%
Queen Chess
95.4%
Monopoly
0.7%
Cluedo
0.8%
Scrabble
0.4%
Rooms Cluedo
94.5%
Monopoly
1.9%
Chess
0.4%
Scrabble
0.4%
Dictionary Scrabble
94.2%
Monopoly
0.7%
Cluedo
2.1%
Chess
0.3%
Rook Chess
93.3%
Monopoly
0.9%
Cluedo
2.2%
Scrabble
0.8%
Community Chest Monopoly
93.2%
Cluedo
1.6%
Chess
1.7%
Scrabble
0.8%
Colonel Mustard Cluedo
93%
Monopoly
2.8%
Chess
0.7%
Scrabble
0.8%
Revolver Cluedo
91.7%
Monopoly
4.1%
Chess
0.7%
Scrabble
0.6%
Tile Scrabble
86.2%
Monopoly
2.1%
Cluedo
2.2%
Chess
6.8%
Castling Chess
84.2%
Monopoly
3%
Cluedo
6.5%
Scrabble
3.3%
En passant Chess
66.6%
Monopoly
5.4%
Cluedo
16.6%
Scrabble
8.1%
Opaque bag Scrabble
64.7%
Monopoly
5.2%
Cluedo
24.7%
Chess
2.5%
Battleship Monopoly
61.1%
Cluedo
12.7%
Chess
13.7%
Scrabble
9.5%
Remove Ads.
Support Sporcle.
Get the best of Sporcle when you Go Orange. This ad-free experience offers more features, more stats, and more fun while also helping to support Sporcle. Thank you for becoming a member.

You're not logged in!

Compare scores with friends on all Sporcle quizzes.
OR
Log In

Sporcle TV

Today on Sporcle TV


Watch our educational content, quiz creation guides, and fun videos on Sporcle TV.

Show Comments

Extras

Top Quizzes Today


Score Distribution

Paid Content

Your Account Isn't Verified!

In order to create a playlist on Sporcle, you need to verify the email address you used during registration. Go to your Sporcle Settings to finish the process.

Report this User

Report this user for behavior that violates our Community Guidelines.

Details: